Heart of Darkness (Record no. 82003)

MARC details
000 -LEADER
fixed length control field 00274nam a2200121Ia 4500
008 - FIXED-LENGTH DATA ELEMENTS--GENERAL INFORMATION
fixed length control field 221102s9999 xx 000 0 und d
041 ## - LANGUAGE CODE
Language code of text/sound track or separate title eng
082 ## - DEWEY DECIMAL CLASSIFICATION NUMBER
Item number Ram
100 ## - MAIN ENTRY--PERSONAL NAME
Personal name Ramji Lall
245 ## - TITLE STATEMENT
Title Heart of Darkness
250 ## - EDITION STATEMENT
Edition statement 21
260 ## - PUBLICATION, DISTRIBUTION, ETC. (IMPRINT)
Name of publisher, distributor, etc. Rama Brothers
Date of publication, distribution, etc. 1905-07-03
Holdings
Withdrawn status Lost status Damaged status Not for loan Collection code Home library Current library Date acquired Full call number Barcode Date last seen Bill Date Koha item type Original Barcode
        BA College Of Computer Application For Women , Satara College Of Computer Application For Women , Satara 23/07/2021 RAM BCAS-B-549 04/11/2022 04/11/2022 Books B00549
        BA College Of Computer Application For Women , Satara College Of Computer Application For Women , Satara 23/07/2021 RAM BCAS-B-550 04/11/2022 04/11/2022 Books B00550
        BA College Of Computer Application For Women , Satara College Of Computer Application For Women , Satara 23/07/2021 RAM BCAS-B-551 04/11/2022 04/11/2022 Books B00551
        BA College Of Computer Application For Women , Satara College Of Computer Application For Women , Satara 23/07/2021 RAM BCAS-B-552 04/11/2022 04/11/2022 Books B00552